Online
Catalog

Camino de llanto : (Record no. 9204)

MARC details
000 -CABECERA
campo de control de longitud fija 00648cam a2200205 a 4500
001 - NÚMERO DE CONTROL
campo de control 000009444
005 - FECHA Y HORA DE LA ÚLTIMA TRANSACCIÓN
campo de control 20200929161609.0
008 - DATOS DE LONGITUD FIJA--INFORMACIÓN GENERAL
campo de control de longitud fija 950309s1994 ec 000 f spa
020 ## - NÚMERO INTERNACIONAL ESTÁNDAR DEL LIBRO
Número Internacional Estándar del Libro 9978870873
040 ## - FUENTE DE LA CATALOGACIÓN
Centro catalogador/agencia de origen DO-SdBNP
Lengua de catalogación spa
Centro/agencia transcriptor BNPHU
082 ## - NÚMERO DE LA CLASIFICACIÓN DECIMAL DEWEY
Número de clasificación E863.44
Número de documento/Ítem T315c
100 1# - ENTRADA PRINCIPAL--NOMBRE DE PERSONA
Nombre de persona Terán, Enrique.
9 (RLIN) 24243
245 10 - MENCIÓN DE TÍTULO
Título Camino de llanto :
Resto del título Huacay-ñán /
Mención de responsabilidad, etc. Enrique Terán ; prólogo, Abdón Ubidia.
260 ## - PUBLICACIÓN, DISTRIBUCIÓN, ETC.
Lugar de publicación, distribución, etc. Quito, Ecuador :
Nombre del editor, distribuidor, etc. El Conejo,
Fecha de publicación, distribución, etc. 1994.
300 ## - DESCRIPCIÓN FÍSICA
Extensión 193 p. ;
Dimensiones 21 cm.
490 1# - MENCIÓN DE SERIE
Mención de serie Grandes Autores Ecuatorianos
650 #4 - PUNTO DE ACCESO ADICIONAL DE MATERIA--TÉRMINO DE MATERIA
Término de materia o nombre geográfico como elemento de entrada Novela ecuatoriana
9 (RLIN) 5017
650 #4 - PUNTO DE ACCESO ADICIONAL DE MATERIA--TÉRMINO DE MATERIA
Término de materia o nombre geográfico como elemento de entrada Literatura ecuatoriana
9 (RLIN) 3938
700 1# - PUNTO DE ACCESO ADICIONAL--NOMBRE DE PERSONA
Nombre de persona Ubidia, Abdón
Término indicativo de función/relación pról.
9 (RLIN) 21506
Holdings
Estado de retiro Estado de pérdida Restricciones de uso No para préstamo Código de colección Localización permanente Ubicación/localización actual Ubicación en estantería Fecha de adquisición Número de inventario Total de préstamos Signatura topográfica completa Código de barras Fecha visto por última vez Precio válido a partir de Tipo de ítem Koha
      Excluido de préstamo Monografías: Libros y Folletos General General Depósito 29.09.2009 LF1   E863.44 T315c 9444-10 25.06.2020 25.06.2020 No se presta
        Monografías: Libros y Folletos Patrimonio Dominicano Patrimonio Dominicano Orden iniciada 25.05.2017 LF1   E863.44 T315c 9444-20 25.06.2020 25.06.2020 No se presta

Powered by Koha